000 00494nam a2200193 i 4500
001 bgj
100 1 _aLOFTS, Norah
_d(1904-?).
245 1 0 _aThe Lute Player /
_cNorah Lofts.
260 _aNew York :
_bBantam Books,
_c1964.
300 _aVIII, 440 pp ;
_c18 cm.
650 9 _aBiographical fiction
650 9 _aHistorical fiction
650 9 _aGreat Britain
_xHistory
655 _aFiction
040 _cBPK
041 0 _aeng
942 _cKS
008 s uk f |000 0 eng
999 _c48520
_d48520
856 _uhttp://koha.tu.koszalin.pl/cgi-bin/koha/opac-detail.pl?biblionumber=48520
_yKatalog online BPK